LEADER 01233nam a2200265 i 4500 001 000000206562 003 CaOOAMICUS 005 20251201145906.0 008 111006s2009 it 000 u ita r 040 $aSeMil$bita 245 00$aDiego Venini :$bdiari, 1958-1970 /$ca cura di Franco Cajani. 264 1$aDesio :$bCISD Pio 11.,$c2009. 300 $a311 p. ;$c24 cm. 490 1 $aI quaderni della Brianza 500 $aNumero 173-174-175 della rivista "I quaderni della Brianza", XXXII, gennaio-dicembre 2009. 650 4$aVenini, Diego - Diari e memorie.$0(OLS)http://semarc/subject/24587 700 1 $aCajani, Franco,$d<1943- >.$0(OLS)http://semarc/name/7141 700 1 $aVenini, Diego .$0(OLS)http://semarc/name/3405 830 2$aI quaderni della Brianza.$0(OLS)http://semarc/title/23854 850 $aSeMil 852 $aSeMil$W1$xVenegono$y1$m3UA E 43$j265034$B157032$CSeMilBibl$Z2$F168672 $81 961 $aAcquisto: Centro Internaz. di Studi e Doc. Pio 11. 996 $6245$aDiego Venini :$bdiari, 1958-1970$9(OLS)http://semarc/title/298766 996 $6264$aDesio :$bCISD Pio 11.$9(OLS)http://semarc/publisher/44513 LEADER 01241nam a2200277 i 4500 001 000000077039 003 CaOOAMICUS 005 20010530000000.0 008 010530s2000 it u000 u ita u 013 $a48211 020 $a88-14-08387-8 040 $aSeMil$bita 100 1 $aErrázuriz Mackenna, Carlos José,$d<1957- >.$0(OLS)http://semarc/name/10645 245 13$aIl diritto e la giustizia nella Chiesa :$bper una teoria fondamentale del diritto canonico /$cdi Carlos J. Errázuriz M. 260 $aMilano :$bGiuffrè,$c2000. 300 $aVII, 279 p. ;$c25 cm. 490 0 $aTrattati di diritto ;$v5 500 $aIn testa al front. : Pontificio Ateneo della Santa Croce. 650 4$aDiritto canonico.$0(OLS)http://semarc/subject/207 830 0$aTrattati di diritto ;$v5.$0(OLS)http://semarc/title/5778 850 $aSeMil 852 $aSeMil$W1$xVenegono$y1$m2J V 135$j43191$B43191$CSeMilBibl$Z2$F42954 $81 961 $aAcquisto: Giuffrè 996 $6020$a88-14-08387-8$9(OLS)http://semarc/number/58411 996 $6245$aIl diritto e la giustizia nella Chiesa :$bper una teoria fondamentale del diritto canonico$9(OLS)http://semarc/title/125019 996 $6260$aMilano :$bGiuffrè$9(OLS)http://semarc/publisher/29926